Statystyki dla Europejskie stolice leżące najbliżej siebie

Kliknij tutaj aby rozwiązać quiz!

Ogólne statystyki

  • Ten quiz został rozwiązany 380 razy
  • Średni wynik to 23 z 32

Statystyki odpowiedzi

OdległosćStolice% Poprawnych
55 kmBratysława
91%
Bratysława
91%
Wiedeń
91%
Watykan
90%
0 kmRzym
89%
162 kmBudapeszt
82%
174 kmBruksela
80%
171 kmBruksela
80%
Amsterdam
78%
82 kmTallinn
77%
Helsinki
74%
Luksemburg
74%
173 kmWilno
74%
Mińsk
71%
117 kmZagrzeb
71%
Lublana
66%
Tirana
66%
168 kmTirana
66%
Tirana
66%
168 kmSofia
65%
Berno
64%
Skopje
64%
Skopje
64%
153 kmSkopje
64%
177 kmSarajewo
63%
Prisztina
61%
Prisztina
61%
78 kmPrisztina
61%
159 kmVaduz
60%
158 kmPodgorica
59%
132 kmPodgorica
59%
Podgorica
59%

Rozkład punktacji

Percentyl według liczby udzielonych odpowiedzi

Procent ludzi z każdym wynikiem

Twoja historia wyników

Nie rozwiązałeś tego quizu